00329 a2200121 4500001000700000020001800007040001100025100001800036240007100054245006600125300000700191362000900198191175 a85-7338-112-4 cMagnum aCanton, Katia10aContos que brotam nas florestas: na trilha dos irmãos grimmlpor10aContos que brotam nas florestas: na trilha dos irmãos grimm a230 a1997